| 000 | 00435nam a2200181Ia 4500 | ||
|---|---|---|---|
| 005 | 20250603144731.0 | ||
| 008 | 250603s9999 xx 000 0 und d | ||
| 020 | _a9781032342351 | ||
| 050 | _aRA 427 .B46/ | ||
| 100 | _aBennett, Simon Ashley | ||
| 245 | 0 | _aCorruption and the Management of Public Safety | |
| 260 | _aNew York | ||
| 260 | _bRoutledge | ||
| 260 | _c2024 | ||
| 300 | _a169 p | ||
| 650 | _aNew York | ||
| 942 | _cBK | ||
| 999 |
_c39791 _d39791 |
||